000 00447nam a2200145Ia 4500
003 OSt
005 20260402115837.0
008 211028s2016 xx 000 0 und d
040 _cAIMIT LIBRARY
041 _aeng
100 _aChaithya K; Kamath, T Ramesh.
_g1416034
_97457
245 _aStudy on factors affecting job satisfaction and retention techniques at big bazaar Kochi /
260 _aMangalore
_bT Ramesh Kamath
_c2016
942 _2ddc
_cPRO
999 _c219025
_d219025